000 01141nam a2200277 i 4500
001 15751
003 ES-MaACL
005 20230906151138.0
007 t|
008 000505s1998 sp c |||| | spa j
020 _a84-87136-90-7
080 _a930.255(460.27 M.)
080 _a016:946.028.8"17/18"(093)
100 1 _aRodríguez de la Torre, Fernando.
_998456
245 1 0 _aCatálogo de pleitos y expedientes albacetenses en el Consejo Supremo de Castilla (1719-1834) /
_cFernando Rodríguez de la Torre.
260 _aAlbacete :
_bInstituto de Estudios Albacetenses "Don Juan Manuel",
_c1998.
300 _a222 p ;
_c22 cm.
490 1 _aSerie 0--Corpus, documenta y bibliografía ;
_v8
610 2 7 _aArchivo Histórico Nacional (España)-
_vCatálogos.
_91451
651 4 _aAlbacete (Provincia)-
_xHistoria-
_yS.XVIII-
_vFuentes-
_vBibliografías.
_9167860
651 4 _aAlbacete (Provincia)-
_xHistoria-
_yS.XIX-
_vFuentes-
_vBibliografías.
_9167861
710 2 _aInstituto de Estudios Albacetenses.
_94884
830 0 _aSerie 0--Corpus, documenta y bibliografía ;
_v8
_9179464
852 _aES-MaACL
_jL-23031
999 _c15751
_d15751